• 首页
  • 本馆介绍
  • 公告通知
  • 最新文献
  • 馆藏检索
  • 电子资源
  • 读者导购
  • 参考咨询
  • 我的图书馆
  • 登录
  • 详细信息显示
  • 放入我的书架
  • 预约/预借图书
  • 作者相关作品
  • 分类相关作品
  • 丛书相关作品
  • 出版社相关作品

书目信息

  • 表格格式
  • 工作单格式
  • 卡片格式
题名:
新现实主义
    
 
作者: 王端廷 著
分册:  
出版信息: 北京   人民美术出版社  2008.06
页数: 127页
开本: 21cm
丛书名: 西方后现代艺术流派书系
单 册:
中图分类: J110.99
科图分类:
主题词: 新现实主义--艺术流派--研究--西方国家 , 新现实主义 , 艺术流派
电子资源:
ISBN: 978-7-102-04311-1
000 00960oam2 2200289 450
001 012008105589
005 20140612091246.12
010    @a978-7-102-04311-1@dCNY35.00
100    @a20081215d2008 em y0chiy0110 ea
101 0  @achi
102    @aCN@b110000
105    @aa z 000yy
106    @ar
200 1  @a新现实主义@9xin xian shi zhu yi@f王端廷著
210    @a北京@c人民美术出版社@d2008.06
215    @a127页@c图@d21cm
225 2  @a西方后现代艺术流派书系
330    @a本书汇聚了国内外对新现实主义艺术有专门研究的专家学者,收集了许多第一手资料,是对于新现实主义艺术定位比较准确,文图比较丰富的选本,有着较高的学术价值和参考价值。
461  0 @12001 @a西方后现代艺术流派书系
510 1  @aNew realism@zeng
606 0  @a新现实主义@x艺术流派@x研究@y西方国家
606 0  @a新现实主义
606 0  @a艺术流派
690    @aJ110.99@v4
701  0 @a王端廷@9wang duan ting@4著
801  0 @aCN@bRENTIAN@c20081215
905    @b548956-58@dJ110.99@e116@f3
    
    新现实主义/王端廷著.-北京:人民美术出版社,2008.06
    127页:图;21cm.-(西方后现代艺术流派书系)
    
    
    ISBN 978-7-102-04311-1:CNY35.00
    本书汇聚了国内外对新现实主义艺术有专门研究的专家学者,收集了许多第一手资料,是对于新现实主义艺术定位比较准确,文图比较丰富的选本,有着较高的学术价值和参考价值。
●
相关链接 在E读中查询图书 在五车中查询图书 在当当中查询图书 在豆瓣中查询图书


正题名:新现实主义     索取号:J110.99/116         预约/预借

序号 登录号 条形码 馆藏地/架位号 状态 备注
1 548956   205489568   第一样本阅览室/ [索取号:J110.99/116] 在馆    
2 548957   205489577   第一借阅区/ [索取号:J110.99/116] 在馆    
3 548958   205489586   第一借阅区/ [索取号:J110.99/116] 在馆    
唐山师范学院图书馆 欢迎您!
大连网信软件有限公司© 版权所有